Online katalóg knižníc regiónu Turca

Lea a kone (Record no. 21057)

MARC details
000 -LEADER
fixed length control field 01798cam a2200529 a 4500
001 - CONTROL NUMBER
control field 21057
003 - CONTROL NUMBER IDENTIFIER
control field VRT
005 - DATE AND TIME OF LATEST TRANSACTION
control field 20260211122112.0
008 - FIXED-LENGTH DATA ELEMENTS--GENERAL INFORMATION
fixed length control field 240318s2014 xo c 000 j slo
015 ## - NATIONAL BIBLIOGRAPHY NUMBER
National bibliography number SNBA2016/08
020 ## - INTERNATIONAL STANDARD BOOK NUMBER
International Standard Book Number 9788081030758
Qualifying information (viaz.)
035 ## - SYSTEM CONTROL NUMBER
System control number 1E9E1566-03E0-497A-9EAA-86DE50D25C48
035 ## - SYSTEM CONTROL NUMBER
System control number urn:nbn:sk:snk-amthgb
035 ## - SYSTEM CONTROL NUMBER
System control number urn:nbn:sk:snk-am00bplf
039 #9 - LEVEL OF BIBLIOGRAPHIC CONTROL AND CODING DETAIL [OBSOLETE]
Level of rules in bibliographic description 202403182201
Level of effort used to assign nonsubject heading access points VLOAD
Level of effort used to assign subject headings 201712151342
Level of effort used to assign classification VLOAD
Level of effort used to assign subject headings 201610201429
Level of effort used to assign classification mttkjf04
Level of effort used to assign subject headings 201608081600
Level of effort used to assign classification csnk08
040 ## - CATALOGING SOURCE
Original cataloging agency PPPK
Language of cataloging slo
Transcribing agency PPPK
Modifying agency SNK
Description conventions AACR2
041 1# - LANGUAGE CODE
Language code of text/sound track or separate title slo
Language code of original ger
044 ## - COUNTRY OF PUBLISHING/PRODUCING ENTITY CODE
MARC country code xo
ISO country code SK
072 #7 - SUBJECT CATEGORY CODE
Subject category code 821.112.2-3
Subject category code subdivision Nemecká próza, nemecky písaná
Source konspekt
072 #7 - SUBJECT CATEGORY CODE
Subject category code 821-93
Subject category code subdivision Literatúra pre deti a mládež (beletria)
Source konspekt
080 ## - UNIVERSAL DECIMAL CLASSIFICATION NUMBER
Universal Decimal Classification number 821.112.2-32
Edition identifier 2011
080 ## - UNIVERSAL DECIMAL CLASSIFICATION NUMBER
Universal Decimal Classification number 82-93-053.2
Edition identifier 2011
100 1# - MAIN ENTRY--PERSONAL NAME
Personal name Gohl, Christiane,
Dates associated with a name 1958-
Relationship aut
240 10 - UNIFORM TITLE
Uniform title Lea und die Pferde: Das Traumpferd fürs Leben
Language of a work Slovensky
245 10 - TITLE STATEMENT
Title Lea a kone
Number of part/section of a work [3]
Name of part/section of a work Kôň môjho života
Statement of responsibility, etc. Christiane Gohl ; [z nemeckého originálu preložila Danka Banská]
246 30 - VARYING FORM OF TITLE
Title proper/short title Kôň môjho života
250 ## - EDITION STATEMENT
Edition statement 1. vyd.
260 ## - PUBLICATION, DISTRIBUTION, ETC.
Place of publication, distribution, etc. Senica
Name of publisher, distributor, etc. Arkus
Date of publication, distribution, etc. 2014
300 ## - PHYSICAL DESCRIPTION
Extent 132 s.
Dimensions 21 cm
500 ## - GENERAL NOTE
General note Pokračovanie kníh Šťastie pre koňa (1) a Jar medzi koňmi (2)
655 #7 - INDEX TERM--GENRE/FORM
Genre/form data or focus term nemecké príbehy
Source of term SNKPH
655 #7 - INDEX TERM--GENRE/FORM
Genre/form data or focus term publikácie pre deti
Source of term SNKPH
655 #7 - INDEX TERM--GENRE/FORM
Genre/form data or focus term German stories
Source of term SNKPHeng
655 #7 - INDEX TERM--GENRE/FORM
Genre/form data or focus term Children's literature
Source of term SNKPHeng
700 1# - ADDED ENTRY--PERSONAL NAME
Personal name Banská, Danka
Relationship trl
910 ## - USER-OPTION DATA (OCLC)
User-option data pppk
910 ## - USER-OPTION DATA (OCLC)
User-option data pokpoh
910 ## - USER-OPTION DATA (OCLC)
User-option data sllk
910 ## - USER-OPTION DATA (OCLC)
User-option data skpk
910 ## - USER-OPTION DATA (OCLC)
User-option data hevk
910 ## - USER-OPTION DATA (OCLC)
User-option data totk
910 ## - USER-OPTION DATA (OCLC)
User-option data snk
910 ## - USER-OPTION DATA (OCLC)
User-option data ttkjf
942 ## - ADDED ENTRY ELEMENTS (KOHA)
Source of classification or shelving scheme Dewey Decimal Classification
Koha item type Krásna literatúra pre deti
Suppress in OPAC No
949 ## - LOCAL PROCESSING INFORMATION (OCLC)
6 17A1200089
a snkSC 153407/3
b snk2016/18354
o 1655/16
s 6100:20160810
949 ## - LOCAL PROCESSING INFORMATION (OCLC)
6 17A1200090
a snkSC 153407/3 D1
b snk2016/18355
o 1655/16
Holdings
Stav vyradenia Strata Poškodenie Spôsob nadobudnutia Domovská knižnica Aktuálna knižnica Dátum nadobudnutia Total checkouts Čiarový kód exemplára Date last seen Date last checked out Typ exemplára
      Dar Mestská knižnica Turany Mestská knižnica Turany 11.02.2026 1 4712401291 11.03.2026 04.03.2026 Krásna literatúra pre deti
Projekt je podporený Slovenskou asociáciou knižníc
Prevádzkuje Turčianska knižnica Martin 2026